000 00494nam a2200169Ia 4500
003 GCL
008 140319s9999 xx 000 0 eng d
040 _aGCL /
_cGCL
082 0 4 _a909.097
_bB I
100 1 _aBROWN L, CARL
245 1 0 _aIMPERIAL LEGACY: THE OTTOMAN IMPRINT ON THE BALKANS AND THE MIDDLE EAST /
_cBROWN L, CARL
260 _a[S.N] :
_bCOLUMBIA UNIVERSITY PRASS ،
_c1995
300 _a337 P
650 0 4 _aAFRICA - NORTH
650 0 4 _aMIDDLE EAST - HISTORY
942 _2ddc
_cBK
999 _c11800
_d11800